<?xml version="1.0" encoding="UTF-8"?><?xml-stylesheet type="text/xsl" href="static/style.xsl"?><OAI-PMH xmlns="http://www.openarchives.org/OAI/2.0/" xmlns:xsi="http://www.w3.org/2001/XMLSchema-instance" xsi:schemaLocation="http://www.openarchives.org/OAI/2.0/ http://www.openarchives.org/OAI/2.0/OAI-PMH.xsd"><responseDate>2026-06-06T02:16:22Z</responseDate><request verb="GetRecord" identifier="oai:riuma.uma.es:10630/46114" metadataPrefix="marc">https://riuma.uma.es/rest/oai/request</request><GetRecord><record><header><identifier>oai:riuma.uma.es:10630/46114</identifier><datestamp>2026-03-27T13:20:52Z</datestamp><setSpec>com_10630_2254</setSpec><setSpec>col_10630_37956</setSpec></header><metadata><record xmlns="http://www.loc.gov/MARC21/slim" xmlns:dcterms="http://purl.org/dc/terms/" xmlns:doc="http://www.lyncode.com/xoai" xmlns:xsi="http://www.w3.org/2001/XMLSchema-instance" xsi:schemaLocation="http://www.loc.gov/MARC21/slim http://www.loc.gov/standards/marcxml/schema/MARC21slim.xsd">
   <leader>00925njm 22002777a 4500</leader>
   <datafield ind2=" " ind1=" " tag="042">
      <subfield code="a">dc</subfield>
   </datafield>
   <datafield ind2=" " ind1=" " tag="720">
      <subfield code="a">Ruiz-Gómez, Lorea Ariadna</subfield>
      <subfield code="e">author</subfield>
   </datafield>
   <datafield ind2=" " ind1=" " tag="260">
      <subfield code="c">2025-01</subfield>
   </datafield>
   <datafield ind2=" " ind1=" " tag="520">
      <subfield code="a">In this dissertation, we are going to approach Latin American social museology and we will deal with thee Brazilian case, focusing on the museum, and art system of Sao Paulo, since it is a neuralgic pole of global contemporaneity and regarding the revision of its museums from a decolonial, and territorial perspective</subfield>
   </datafield>
   <datafield ind2=" " ind1=" " tag="520">
      <subfield code="a">En esta aportación se aborda la museología social latinoamericana y concretamente el caso brasileño, centrándonos en el sistema museístico y artístico de Sao Paulo, por ser un polo neurálgico de la contemporaneidad global, así como en la revisión de sus museos, desde una perspectiva decolonial y territorial.</subfield>
   </datafield>
   <datafield ind1="8" ind2=" " tag="024">
      <subfield code="a">Ruiz-Gómez, A. (2025). Social, Decolonial, and Transnational Museology. Reflections from the Global South, and some Current Brazilian Cases. In M. Méndez Baiges, J. Cuevas Del Barrio, &amp; C. Cortés Zulueta (Eds.), Disoriented. Gender Territories in Contemporary Art. Brepols Publishers. https://doi.org/10.1484/M.WIA-EB.5.138249</subfield>
   </datafield>
   <datafield ind1="8" ind2=" " tag="024">
      <subfield code="a">978-2-503-61314-7</subfield>
   </datafield>
   <datafield ind1="8" ind2=" " tag="024">
      <subfield code="a">2983-7464</subfield>
   </datafield>
   <datafield ind1="8" ind2=" " tag="024">
      <subfield code="a">https://hdl.handle.net/10630/46114</subfield>
   </datafield>
   <datafield ind1="8" ind2=" " tag="024">
      <subfield code="a">10.1484/M.WIA-EB.5.138249</subfield>
   </datafield>
   <datafield tag="653" ind2=" " ind1=" ">
      <subfield code="a">Museología</subfield>
   </datafield>
   <datafield tag="653" ind2=" " ind1=" ">
      <subfield code="a">Museos - Brasil</subfield>
   </datafield>
   <datafield tag="653" ind2=" " ind1=" ">
      <subfield code="a">Postcolonialismo</subfield>
   </datafield>
   <datafield ind2="0" ind1="0" tag="245">
      <subfield code="a">Social, Decolonial, and Transnational Museology. Reflections from the Global South, and some Current Brazilian Cases</subfield>
   </datafield>
</record>
</metadata></record></GetRecord></OAI-PMH>